Регионална библиотека "Любен Каравелов" - Русе

Задният двор на Америка (Запис номер 107131)

MARC детайли
000 -Лидер
Контролно поле с фиксирана дължина 02000nam a2200457 c 4500
003 - Код на организацията, давaща контролен номер
Контролно поле BLK
005 - Дата и час на последна редакция
Контролно поле 20180420230450.0
008 - Елементи от данни с фиксирана дължина
fixed length control field 180409b bul|||||r ||||||| ||bul||
010 ## - Наследен системен номер
LC control number KNG00112407000
020 ## - Международен стандартен номер на книга ISBN
Международен стандартен номер на книга ISBN 954-9615-49-9
-- издат.: Софи-Р - (Немезида)
040 ## - Източник на каталожния запис
Идентификатор на билиотеката - собственик на записа BLK
041 ## - Код за език
Код за езика на текст/звукозапис или на отделно заглавие Български
Код за езика КДБФ Български
080 ## - УДК
Текстов определител УДК Социография. Социално положение. Условия на политическия и социалния живот. Социално и социално-икономическо положение на отделните страни, народи, раси. Социална география. (Общи въпроси)
УДК код - определител по УДК 308
УДК определител (72+728+729.1)
УДК - код + определител 308(72+728+729.1)
100 1# - Редна дума - Автор
Автор Корнезов, Александър
Авторска отговорност първи автор
R(LIN) 310810
139 ## - Редно поле
Редна дума Корнезов, Александър
Авторски знак Кор - К 85
245 10 - Сведения за заглавието
Заглавие Задният двор на Америка
Подзаглавни данни Щрихи от Куба, Мексико, Коста Рика, Никарагуа, Хондурас и Ел Салвадор
Редно поле (дума) Александър Корнезов.
257 ## - Страна на издаване
Страна на създаване/издаване България
260 ## - Област на издателските данни
-- София
Име на издателя, разпространителя и проч. Софи-Р
Година на издаване 2003
Печатница София : Унив. изд. Св. Кл. Охридски
300 ## - Физическа характеристика
Страници 215 с.
Илюстрации и др. с к., 8 л. цв. ил.
Размери/Мащаб 21 см
380 ## - Жанр
Жанр Обществени науки
500 ## - Общи забележки
Забележка Изд. на Немезида. - Офс. изд.
650 #4 - Допълнително описание по предмет – тема
Основно описание – тема или топоним Централна Америка
9 (RLIN) 290279
650 #4 - Допълнително описание по предмет – тема
Основно описание – тема или топоним Куба
9 (RLIN) 272036
650 #4 - Допълнително описание по предмет – тема
Основно описание – тема или топоним Коста Рика
9 (RLIN) 179072
650 #4 - Допълнително описание по предмет – тема
Основно описание – тема или топоним Мексико
9 (RLIN) 179210
650 #4 - Допълнително описание по предмет – тема
Основно описание – тема или топоним Никарагуа
9 (RLIN) 164278
650 #4 - Допълнително описание по предмет – тема
Основно описание – тема или топоним Хондурас
9 (RLIN) 179746
650 #4 - Допълнително описание по предмет – тема
Основно описание – тема или топоним Салвадор
9 (RLIN) 310811
653 ## - Ключова дума – ненормативна
Ключова дума Централна Америка
653 ## - Ключова дума – ненормативна
Ключова дума Куба
653 ## - Ключова дума – ненормативна
Ключова дума Мексико
653 ## - Ключова дума – ненормативна
Ключова дума Коста Рика
653 ## - Ключова дума – ненормативна
Ключова дума Никарагуа
653 ## - Ключова дума – ненормативна
Ключова дума Хондурас
653 ## - Ключова дума – ненормативна
Ключова дума Салвадор
852 ## - Местоположение
Форматна сигнатура Цб 219028
856 4# - Електронен адрес и достъп
Електронен формат pdf - файл
Път до файла /url/
856 4# - Електронен адрес и достъп
Електронен формат pdf - файл
Път до файла /url/
942 ## - АРТИКУЛИ
Вид на библиотечния материал Книги
Скрит в OPAC Не
944 ## - СЪЗДАВАНЕ И РЕДАКЦИЯ на ЗАПИСА
Създаване/Редакция Създаване
Дата на регистрацията/редакция 16.04.2004
Служител, извършил регистрацията/редакцията Людмила_Стоянова
944 ## - СЪЗДАВАНЕ И РЕДАКЦИЯ на ЗАПИСА
Създаване/Редакция Редакция
Дата на регистрацията/редакция 29.04.2004
Служител, извършил регистрацията/редакцията
999 ## - СИСТЕМНИ КОНТРОЛНИ НОМЕРА
Koha biblionumber 107131
Koha biblioitemnumber 107131
Наличности
Код за отписване Код за изгубен артикул Код за повреда Коз за рестрикции Код за отдаване Артикулен № Име на библиотеката - собственик Име на библиотеката, в която се намира в момента Статус (Текущо местоположение) Дата на вписване в системата Местоположение - отдел Цена в лева Инвентарен номер Систематично азбучна сигнатура Баркод Номер на екземпляра Цена в евро Служебна бележка Служебен тип на артикула
  Не е изгубен Не е повреден без рестрикции ползва се в читалня 172967 Регионална библиотека "Любен Каравелов" Русе Регионална библиотека "Любен Каравелов" Русе Хранилище 2004-04-16 Хранилище 0.00 120000684618 Цб 219028 120000684618 1 0.00 Дост: Dp Вид: Д N: 22 Дата: 21.05.2003 Книги
Vip Innovations Ltd, Rousse, Bulgaria 2025